| 000 | 00677nam a22001697a 4500 | ||
|---|---|---|---|
| 999 |
_c80752 _d80752 |
||
| 008 | 201130b ||||| |||| 00| 0 eng d | ||
| 040 |
_bger _cSTAFF _erda _aSTAFF |
||
| 041 | _ager | ||
| 245 |
_aSchulpreis in Silber für Informatik. _bBundeswettbewerb: Das Gauß-Gymnasium wurde für die Förderung seines Informatik-Nachwuchses ausgezeichnet. _cLisa Mahlke |
||
| 653 | _aFrankfurt (Oder) | ||
| 653 | _aGymnasium Carl Friedrich Gauß | ||
| 773 |
_dFrankfurt (Oder): Märkisches Verlags- und Druckhaus GmbH & Co KG _g32. Jahrgang (2021) Nr. 42 vom 19.02.2021, S. 13 _tMärkische Oderzeitung |
||
| 942 | _cA | ||